000 07881namaa22004451i 4500
003 EG-GICUC
005 20260205110740.0
008 260125s2025 ua a|||frm||| 000 0 eng d
040 _aEG-GICUC
_beng
_cEG-GICUC
_dEG-GICUC
_erda
041 0 _aeng
_beng
_bara
049 _aDeposit
082 0 4 _a615.82
092 _a615.82
_221
097 _aM.Sc
099 _aCai01.21.10.M.Sc.2025.Kh.E
100 0 _aKhaled Ali Hadi,
_epreparation.
245 1 0 _aEffect of interval versus continuous training on cardiovascular autonomic neuropathy in type ii diabetes mellitus /
_cby Khaled Ali Hadi ; Supervisors Prof. Dr. Nesreen Ghareeb Elnahas, Prof. Dr. Ahmed Mohamed Elwakeel, Dr. Donia Mohamed El-Masry.
246 1 5 _aتأثير التمرينات المتقطعه مقابل المتصله على الوظيفة الذاتية في مرض السكري من النوع الثاني
264 0 _c2025.
300 _a149 pages :
_billustrations ;
_c25 cm. +
_eCD.
336 _atext
_2rda content
337 _aUnmediated
_2rdamedia
338 _avolume
_2rdacarrier
502 _aThesis (M.Sc)-Cairo University, 2025.
504 _aBibliography: pages 125-144.
520 3 _aBackground: Severe complications in diabetes control are common in persons with autonomic neuropathy. Autonomic neuropathy is associated with increased death rates, the only therapy that has shown effective in preventing or reversing autonomic neuropathy is the management of blood glucose levels and fluctuation in glucose. Symptoms of autonomic neuropathy might include a lack of awareness of hypoglycemia, low blood pressure, difficulty sweating, diarrhea, constipation, erectile dysfunction, and neurogenic bladder. Exercise may have a therapeutic effect on diabetes patients complicated with autonomic neuropathy, although it remains unclear whether exercise has a therapeutic or protective effect in diabetes patients with autonomic neuropathy. Aim of the study: To determine the effect of Interval Versus Continuous Training on Cardiovascular Autonomic Neuropathy in Type II Diabetes in Mellitus. Methods: Sixty diabetic patients with autonomic neuropathy randomly divided two equal groups, Group (A): Consisted of 30 diabetic patients received high intensity interval training. Group (B): Consisted of 30 diabetic patients received moderate intensity continuous training. The measurement variables were heart rate variability response, beat to beat variation with deep breathing, HRV with standing, Blood pressure variability response via (Hand grip blood pressure (DBP), mm Hg, and Systolic Blood Pressure (SBP) response to standing) and quality of life via quality of life diabetic questionnaire and blood glucose levels via HbA1C. Results: The statistical analysis showed no significant differences (P>0.05) at the beginning of the study as mean values of age (P=0.753), body mass index (P=0.921), hemoglobin A1C (P=0.639), and duration of illness (P=0.807) for patients with type II diabetes mellitus, between Group A and B. There was statistically significant difference between groups, after the intervention, regarding to the heart rate variability, blood pressure variability, HbA1C% and quality of life questionnaire. Conclusion: Both interval training and continuous training had an effect on heart rate variability, blood pressure variability, HbA1C% and quality of life questionnaire however the interval training had more significant effect.
520 3 _aالخلفية: المضاعفات الشديدة في السيطرة على مرض السكري شائعة لدى الأشخاص المصابين بالاعتلال العصبي اللاإرادي. ترتبط الوظيفة الذاتية بزيادة معدلات الوفيات، والعلاج الوحيد الذي أظهر فعالية في منع أو عكس الاعتلال العصبي اللاإرادي هو إدارة مستويات الجلوكوز في الدم وتقلب الجلوكوز. قد تشمل أعراض الاعتلال العصبي اللاإرادي عدم الوعي بنقص سكر الدم وانخفاض ضغط الدم وصعوبة التعرق والإسهال والإمساك وضعف الانتصاب والمثانة العصبية. قد يكون للتمرين تأثير علاجي على مرضى السكري المعقدين بالاعتلال العصبي اللاإرادي، على الرغم من أنه لا يزال من غير الواضح ما إذا كان للتمرين تأثير علاجي أو وقائي لدى مرضى السكري المصابين بالاعتلال العصبي اللاإرادي. هدف الدراسة: تحديد تأثير التدريب المتقطع مقابل التدريب المستمر على الاعتلال العصبي اللاإرادي القلبي الوعائي في مرض السكري من النوع الثاني. الطرق: تم تقسيم ستين مريضًا مصابًا بالسكري مصابًا بالاعتلال العصبي اللاإرادي عشوائيًا إلى مجموعتين متساويتين، المجموعة (أ): تتكون من 30 مريضًا مصابًا بالسكري تلقوا تدريبًا متقطعًا عالي الكثافة. المجموعة (ب): تتكون من 30 مريضًا مصابًا بالسكري تلقوا تدريبًا مستمرًا متوسط الشدة. كانت متغيرات القياس هي استجابة تغير معدل ضربات القلب، وتغير نبضة بنبضة مع التنفس العميق، وتقلب معدل ضربات القلب مع الوقوف، واستجابة تغير ضغط الدم من خلال (ضغط الدم بقبضة اليد (DBP)، وملم زئبق، واستجابة ضغط الدم الانقباضي (SBP) للوقوف) وجودة الحياة من خلال استبيان جودة حياة مرضى السكري ومستويات سكر الدم من خلال HbA1C. النتائج: أظهر التحليل الإحصائي عدم وجود فروق ذات دلالة إحصائية (P> 0.05) في بداية الدراسة كمتوسط قيم العمر (P = 0.753)، ومؤشر كتلة الجسم (P = 0.921)، والهيموجلوبين A1C (P = 0.639)، ومدة المرض (P = 0.807) لمرضى السكري من النوع الثاني، بين المجموعة (أ) و (ب). كان هناك فرق ذو دلالة إحصائية بين المجموعتين، بعد التدخل، فيما يتعلق بتغير معدل ضربات القلب، وتغير ضغط الدم، ونسبة HbA1C، واستبيان جودة الحياة. الاستنتاج: كان للتدريب المتقطع والتدريب المستمر تأثير على تغير معدل ضربات القلب وتغير ضغط الدم ونسبة الهيموجلوبين السكري واستبيان جودة الحياة، إلا أن التدريب المتقطع كان له تأثير أكثر أهمية.
530 _aIssues also as CD.
546 _aText in English and abstract in Arabic & English.
650 0 _aPhysical Therapy
650 0 _aالعلاج الطبيعي
653 1 _aDiabetes mellitus
_aAutonomic neuropathy
_aInterval continuous training
_aمرض السكري
_aالاعتلال العصبي اللاإرادي
700 0 _aNesreen Ghareeb Elnahas
_ethesis advisor.
700 0 _aAhmed Mohamed Elwakeel
_ethesis advisor.
700 0 _aDonia Mohamed El-Masry
_ethesis advisor.
900 _b01-01-2025
_cNesreen Ghareeb Elnahas
_cAhmed Mohamed Elwakeel
_cDonia Mohamed El-Masry
_UCairo University
_FFaculty of Physical Therapy
_DDepartment of Physical Therapy for Cardiovascular/Respiratory Disorder and Geriatrics
905 _aShimaa
_eEman Ghareb
942 _2ddc
_cTH
_e21
_n0
999 _c178021